Human - Computer Interaction : (Record no. 168086)

MARC details
000 -LEADER
fixed length control field 00692nam a22002057a 4500
005 - DATE AND TIME OF LATEST TRANSACTION
control field 20190926120637.0
010 ## - LCCN (DPL NO)
LC control number ENG-126558
020 ## - INTERNATIONAL STANDARD BOOK NUMBER
Terms of availability 575.00
International Standard Book Number 9789353168049
035 ## - SYSTEM CONTROL NUMBER
System control number EN-110090
037 ## - SOURCE OF ACQUISITION
Source of stock number/acquisition DBAD/PUB
082 ## - DEWEY DECIMAL CLASSIFICATION NUMBER
Classification number 004.019
100 ## - MAIN ENTRY--PERSONAL NAME
Personal name Bhattacharya,Samit
245 ## - TITLE STATEMENT
Title Human - Computer Interaction :
Statement of responsibility, etc By Balagurusamy
Remainder of title User-Centric computing for Design/
260 ## - PUBLICATION, DISTRIBUTION, ETC. (IMPRINT)
Place of publication, distribution, etc Chennai
Name of publisher, distributor, etc McGraw Hill Education (India)Private Limited
Date of publication, distribution, etc 2019
270 ## - ADDRESS
City Chennai
Address 444/1,Sri Ekambara Naicker Industrial Estate,Alapakkam,Porur
Postal code 600116
300 ## - PHYSICAL DESCRIPTION
Extent 320p.
Dimensions 25cm,(pbk)
700 ## - ADDED ENTRY--PERSONAL NAME
Personal name By Fair, Ray C.
700 ## - ADDED ENTRY--PERSONAL NAME
Personal name By Oster, Sharon E.
942 ## - ADDED ENTRY ELEMENTS (KOHA)
Source of classification or shelving scheme Dewey Decimal Classification
Item type English Books
Classification part 004.019
Call number suffix BHA
Holdings
Withdrawn status Lost status Not for loan Collection code Home library Current library Date acquired Source of acquisition Cost, normal purchase price Full call number Barcode Copy number Cost, replacement price Koha item type
      Non-fiction Sarojini Nagar Sarojini Nagar 26/09/2019 DBAD/PUB 575.00 004.019 BHA EN-110090 1 575.00 English Books

© Delhi Public Library
Hit Counter
free hit counter